Optics / (Record no. 103512)
[ view plain ]
| 000 -LEADER | |
|---|---|
| fixed length control field | 00688nam a22002177a 4500 |
| 005 - DATE AND TIME OF LATEST TRANSACTION | |
| control field | 20160921145738.0 |
| 010 ## - LCCN (DPL NO) | |
| LC control number | ENG-116067 |
| 020 ## - INTERNATIONAL STANDARD BOOK NUMBER | |
| Terms of availability | 620.00 |
| International Standard Book Number | 9789339220907 |
| 020 ## - INTERNATIONAL STANDARD BOOK NUMBER | |
| International Standard Book Number | 9339220900 |
| Terms of availability | 620.00 |
| 035 ## - SYSTEM CONTROL NUMBER | |
| System control number | EN-99599 |
| 037 ## - SOURCE OF ACQUISITION | |
| Source of stock number/acquisition | DBAD/PUB |
| 082 ## - DEWEY DECIMAL CLASSIFICATION NUMBER | |
| Classification number | 535 |
| 100 ## - MAIN ENTRY--PERSONAL NAME | |
| Personal name | Ghatak, Ajoy |
| 245 ## - TITLE STATEMENT | |
| Title | Optics / |
| Statement of responsibility, etc | by Ajoy Ghatak |
| 250 ## - EDITION STATEMENT | |
| Edition statement | 6th edition |
| 260 ## - PUBLICATION, DISTRIBUTION, ETC. (IMPRINT) | |
| Place of publication, distribution, etc | Noida |
| Name of publisher, distributor, etc | McGraw Hill Education |
| Date of publication, distribution, etc | 2017 |
| 270 ## - ADDRESS | |
| Address | B-4, Sector - 63, Gautam Budh Nagar, |
| City | Noida (UP) |
| Postal code | 201301 |
| 300 ## - PHYSICAL DESCRIPTION | |
| Extent | various pagings : |
| Dimensions | 26cm(pbk) |
| Other physical details | coloured and black & white ill. |
| 500 ## - GENERAL NOTE | |
| General note | includes bibliographical references and suggested readings |
| 942 ## - ADDED ENTRY ELEMENTS (KOHA) | |
| Source of classification or shelving scheme | Dewey Decimal Classification |
| Item type | English Books |
| Call number suffix | GHA |
| Classification part | 535 |
| Withdrawn status | Lost status | Not for loan | Home library | Current library | Date acquired | Source of acquisition | Cost, normal purchase price | Full call number | Barcode | Copy number | Cost, replacement price | Koha item type |
|---|---|---|---|---|---|---|---|---|---|---|---|---|
| Narela | Narela | 21/09/2016 | DBAD/PUB | 620.00 | 535 GHA | EN-99599 | 1 | 620.00 | English Books |
